| 000 | 00688nam a22001937a 4500 | ||
|---|---|---|---|
| 999 |
_c7835 _d7835 |
||
| 003 | OSt | ||
| 005 | 20220321122422.0 | ||
| 008 | 220321b ||||| |||| 00| 0 eng d | ||
| 020 | _a0821363484 | ||
| 040 | _cDDC | ||
| 082 | _a303.484ANA 2006 | ||
| 100 |
_aAline, coudouel : Stefano, Paternostro _915941 |
||
| 245 |
_aAnalyzing the distributional impact of reforms _b: a practitioner's guide to pension, health lobor markets , public sector downsizing, taxation ,decentralization and micro economics modelling |
||
| 260 |
_aWashington _b: the world bank _c, C 2006 |
||
| 300 |
_axxx,435p. _c; 23 cm _eCD |
||
| 504 | _aBibliography | ||
| 650 |
_aDecentralization _915942 |
||
| 942 |
_2ddc _cBOOK |
||